000 01362namaa22003251i 4500
005 20260701110142.0
008 260701s1994 ua a|||frm||| 000 0 eng d
040 _aEG-GICUC
_beng
_cEG-GICUC
_dEG-GICUC
_erda
041 0 _aeng
_beng
_bara
049 _aDeposit
097 _aM.Sc
099 _aCai01.11.28.M.Sc.1994.Mo.P
100 0 _aMohamed Ali Genena,
_epreparation.
245 1 0 _aPulmonary Hypertension in cases of portal hypertension /
_b
_cBy Mohamed Ali Genena ; Supervison Dr. Mohamed Khalil Abd-ElKhalek, Dr. Fatina Fadel, Dr. Lamia Mohsen
246 1 5 _aارتفاع الضغط بالشريان الرئوي في حالات ارتفاع ضغط الورية البابي
264 0 _c1994.
300 _a126 Leaves
_billustrations
_c30 cm. +
336 _2rda content
_atext
337 _2rdamedia
_aUnmediated
338 _2rdacarrier
_avolume
502 _aThesis (M.Sc.)-Cairo University, 1994
504 _aBibliography: pages 98-126
653 0 _aPulmonary Hypertension
_aportal hypertension
700 0 _aMohamed Khalil Abd-ElKhalek
_ethesis advisor.
700 0 _aFatina Fadel
_ethesis advisor.
700 0 _aLamia Mohsen
_ethesis advisor.
900 _DDepartment of Pediatrics
_FFaculty of Medicine
_UCairo University
_b1994
_cMohamed Khalil Abd-ElKhalek
_cFatina Fadel
_cLamia Mohsen
905 _aNehad
942 _2ddc
_cTH
_e21
_n0
999 _c180664